NUTRACEUTICAL AND FUNCTIONAL FOOD REGULATIONS IN THE UNITED STATE AND AROUND THE WORLD (Record no. 26992)
[ view plain ]
| 000 -LEADER | |
|---|---|
| fixed length control field | 00495nam a22001697a 4500 |
| 003 - CONTROL NUMBER IDENTIFIER | |
| control field | SGT |
| 020 ## - INTERNATIONAL STANDARD BOOK NUMBER | |
| International Standard Book Number | 9780128164675 |
| 082 ## - DEWEY DECIMAL CLASSIFICATION NUMBER | |
| Classification number | 615.18 |
| Item number | N19B |
| 100 ## - MAIN ENTRY--PERSONAL NAME | |
| Personal name | BAGCHI, DEBASIS |
| 245 ## - TITLE STATEMENT | |
| Title | NUTRACEUTICAL AND FUNCTIONAL FOOD REGULATIONS IN THE UNITED STATE AND AROUND THE WORLD |
| 250 ## - EDITION STATEMENT | |
| Edition statement | 3RD |
| 260 ## - PUBLICATION, DISTRIBUTION, ETC. (IMPRINT) | |
| Place of publication, distribution, etc | U.K |
| Name of publisher, distributor, etc | ACADMIC PRESS |
| Year of Publication | 2019 |
| 300 ## - PAGE DESCRIPTION | |
| No. of Pages | 678 |
| 650 ## - SUBJECT ADDED ENTRY--TOPICAL TERM | |
| Topical term or geographic name as entry element | PHARMACY NUTRACEUTICALS |
| 653 ## - KEYWORDS--INDEX TERM | |
| Keyword term | NUTRACEUTICAL, FUNCTIONA,L FOOD, REGULATIONS, UNITED STATE , WORLD |
| 942 ## - ADDED ENTRY ELEMENTS (KOHA) | |
| Source of classification or shelving scheme | Dewey Decimal Classification |
| Koha item type | Books |
| Withdrawn status | Lost status | Source of classification or shelving scheme | Damaged status | Not for loan | Collection code | Home library | Current library | Shelving location | Date acquired | Vendor Name | Cost, normal purchase price | SGTU | Bill Number | Total Checkouts | Full call number | Accession No. (Barcode) | Date last seen | Bill Date | Koha item type |
|---|---|---|---|---|---|---|---|---|---|---|---|---|---|---|---|---|---|---|---|
| Dewey Decimal Classification | PHARMACY | SGT FA-FP Library | SGT FA-FP Library | Reference Book | 27/09/2024 | AHUJA PUB. | 15190.00 | SGTU | 19381 | 615.18 N19B | FP5064 | 27/09/2024 | 13/08/2024 | Books |